Statistiques concernant Capitales des empires disparus

Cliquez ici pour prendre le quiz!

Statistiques générales

  • Ce quiz a été pris 44 fois
  • Le résultat moyen est 5 sur 20

Statistiques - réponses

EmpireCapitales% Correct
RomainRome
93%
OttomanConstantinople
78%
Saint-Empire romain germaniqueAix-la-Chapelle
54%
Alexandre le grandAlexandrie
49%
AztèqueTenochtitlan
49%
IncaCuzco
37%
Perse / d'IranPersépolis
34%
Saint-Empire romain germaniqueVienne
29%
KhmerAngkor
22%
MayaTikal
12%
Saint-Empire romain germaniquePrague
10%
Mongol
Avarga
5%
MongolKarakorum
5%
Saint-Empire romain germaniqueRatisbonne
5%
MongolCambaluc
0%
KhmerHariharalaya
0%
KhmerLovek
0%
MaliNiani
0%
Saint-Empire romain germaniquePalerme
0%
Saint-Empire romain germaniqueWetzlar
0%

Distribution des résultats

Percentile par nombre de réponses

% des personnes avec chaque résultat

Votre développement - résultats

Vous n’avez pas pris ce quiz